Modelovanie konkurencieschopnosti krajín v odvetví cestovného ruchu

Na minha lista:
Detalhes bibliográficos
Autor principal: Lacko, Roman, 1988-
Outros Autores: Hajduová, Zuzana, 1974-
Formato: Capítulo de Livro
Idioma:eslovaco
Assuntos:
Tags: Adicionar Tag
Sem tags, seja o primeiro a adicionar uma tag!

MARC

LEADER 00000naa$a2200000$$$4500
001 0281148
005 20240502074353.0
041 0 |a slo 
044 |a SK 
245 1 0 |a Modelovanie konkurencieschopnosti krajín v odvetví cestovného ruchu  |c Roman Lacko, Zuzana Hajduová 
610 2 0 |a konkurencieschopnosť 
610 2 0 |a ruch cestovný 
610 2 0 |a modely ekonomické 
100 1 |a Lacko, Roman, 1988- 
700 1 |a Hajduová, Zuzana, 1974-